Louis Tomlinson - Dark To Light - All lyrics - Statistics

General Stats
  • This quiz has been taken 55 times
  • The average score is 197 of 217
Answer Stats
Answer % Correct
a
100%
dark
100%
I
100%
light?
100%
light)
100%
light
100%
to
100%
you
100%
You
100%
anywhere
96%
bring
96%
can
96%
can’t
96%
do?
96%
Don’t
96%
follow
96%
from
96%
(From
96%
From
96%
go
96%
how
96%
in
96%
In
96%
it
96%
my
96%
See
96%
difference?
92%
Is
92%
make
92%
on
92%
the
92%
there
92%
Would
92%
anything
88%
be
88%
could
88%
Could
88%
eyes
88%
look
88%
me
88%
that?
88%
that
88%
time
88%
wish
88%
But
85%
It’s
85%
know
85%
more
85%
No
85%
One
85%
what
85%
smile?
81%
this
81%
told
81%
And
77%
by
77%
listen
77%
never
77%
over
77%
tell
77%
carry
73%
for
73%
your
73%
I’ll
69%
I’m
69%
only
69%
side
69%
doesn’t
65%
Why
65%
anybody
62%
before
62%
empty
62%
ends
62%
flames
62%
long
62%
not
62%
There’s
62%
already
58%
phoenix
58%
photographs
54%
weight
50%
No matching quizzes found
Score Distribution
Percent of People with Each Score
Percentile by Number Answered
Your Score History
You have not taken this quiz